Quick Pick: Musical Collaborations Quiz Stats

 Plays Quiz Updated Jul 5, 2016

Challenge
Share
Tweet
Embed
Score 0/15 Timer 01:30
0 Plays Today
% Correct
Bruno Mars
75.8%
Jay-Z
72.9%
Janet Jackson
72.2%
Rob Thomas
69.6%
Rihanna
67.3%
Alicia Keys
67.3%
Pharrell Williams
60.7%
Kimbra
59.5%
% Correct
Snoop Dogg
55.7%
Boyz II Men
54.2%
Pitbull
52.8%
Beyoncé
51.9%
Timbaland
50.8%
Wyclef Jean
50.4%
Christina Aguilera
47.8%

Today's Daily Dose

You're not logged in!

Compare scores with friends on all Sporcle quizzes.
OR
Log In

You Might Also Like...

Show Comments

Extras

Top Quizzes Today


Score Distribution

Your Account Isn't Verified!

In order to create a playlist on Sporcle, you need to verify the email address you used during registration. Go to your Sporcle Settings to finish the process.

Report this User

Report this user for behavior that violates our Community Guidelines.

Details: